Platypterigius Sachicarum (Rectilia, Ichtyosauria) nueva especie del cretácico de Colombia (Registro nro. 12509)

Detalles MARC
000 -CABECERA
Campo de control 006090000a22001810004500
090 ## - CLASIFICACIÓN LOCAL
Colección AR
Consecutivo 03458
041 0# - IDIOMA
Código de idioma para texto/pista de sonido o título separado
100 1# - ASIENTO PRINCIPAL--NOMBRE PERSONAL
Nombre personal Páramo F., María Eurídice
245 10 - MENCION DE TITULO
Título Platypterigius Sachicarum (Rectilia, Ichtyosauria) nueva especie del cretácico de Colombia
650 14 - ASIENTO SECUNDARIO DE MATERIA - TERMINO TEMATICO
Término temático o nombre geográfico como elemento de entrada Paleontología
650 14 - ASIENTO SECUNDARIO DE MATERIA - TERMINO TEMATICO
Término temático o nombre geográfico como elemento de entrada Ictiosaurios cretácicos
650 14 - ASIENTO SECUNDARIO DE MATERIA - TERMINO TEMATICO
Término temático o nombre geográfico como elemento de entrada Orfología
650 14 - ASIENTO SECUNDARIO DE MATERIA - TERMINO TEMATICO
Término temático o nombre geográfico como elemento de entrada Taxonomía
651 #4 - ASIENTO SECUNDARIO DE MATERIA - NOMBRE GEOGRAFICO
-- Villa de Leyva
-- Boyacá
-- Colombia
653 ## - TERMINO DE INDIZACION - NO CONTROLADO
-- Platypterygius
-- Platypterygius sachicarum
773 1# - Item fuente:
Título Revista Ingeominas
Descripción física 6
Paginas del Articulo 1-12
Lugar, editorial y fecha de publicación 1997
942 ## - ELEMENTOS ADICIONALES (KOHA)
Tipo de ítem Artículo
Existencias
Withdrawn status Lost status Damaged status No para préstamo Colección Ubicación Permanente Ubicación actual Fecha de adquisición Datos de publicación Seriada Total Checkouts Número topográfico Inventario / Código de Barras Date last seen Price effective from Forma de adquisición Tipo de material
      No para Préstamo Hemeroteca Bogotá Bogotá 27/02/2015 Fuera de circulación   AR 03458 014356 25/03/2015 25/03/2015   Artículo